| 000 | 00979cad a22001935a 4500 | ||
|---|---|---|---|
| 001 | L154628 | ||
| 008 | 120106s2012 xxk f 000 0 eng d | ||
| 035 | _a(Sirsi) u154628 | ||
| 041 | 0 | _aeng | |
| 110 | 2 |
_aUnited Kingdom _bDepartment of Energy and Climate Change _95850 |
|
| 245 | 0 | 0 |
_aConsultation on changes to the Standard Assessment Procedure (SAP) _h[electronic resource] |
| 260 |
_aLondon _bDECC _c2012 |
||
| 520 | _aSeeks views on proposed changes to the Standard Assessment Procedure, the Government's tool for assessing the energy and environmental performance of dwellings. Opinions are requested on five primary amendments and a number of minor amendments. The consultation is open until 28 March 2012. | ||
| 590 | _aKA NTK | ||
| 651 | 4 |
_aUnited Kingdom _y |
|
| 690 | _aENVIRONMENTAL AND LAND CONSULTANCY-ENERGY | ||
| 856 | 4 | 0 |
_uhttps://www.decc.gov.uk/en/content/cms/consultations/sap/sap.aspx _zView the consultation free of charge at www.decc.gov.uk |
| 942 | _n0 | ||
| 999 |
_c113077 _d113077 |
||